Issues in Twentieth-Century world history/ (Record no. 159135)

MARC details
000 -LEADER
fixed length control field 00516nam a22001817a 4500
005 - DATE AND TIME OF LATEST TRANSACTION
control field 20181204165027.0
010 ## - LCCN (DPL NO)
LC control number B-713030
020 ## - INTERNATIONAL STANDARD BOOK NUMBER
International Standard Book Number 9789351381907
Terms of availability 350.00
035 ## - SYSTEM CONTROL NUMBER
System control number B-713030
037 ## - SOURCE OF ACQUISITION
Source of stock number/acquisition Trinity Press
082 ## - DEWEY DECIMAL CLASSIFICATION NUMBER
Classification number 943
100 ## - MAIN ENTRY--PERSONAL NAME
Personal name Mahajan, Sneh
245 ## - TITLE STATEMENT
Title Issues in Twentieth-Century world history/
Statement of responsibility, etc Sneh Mahajan
260 ## - PUBLICATION, DISTRIBUTION, ETC. (IMPRINT)
Place of publication, distribution, etc New Delhi
Name of publisher, distributor, etc Trinity Press
Date of publication, distribution, etc 2017
300 ## - PHYSICAL DESCRIPTION
Extent 365p.
Dimensions 25 cm(Pbk)
942 ## - ADDED ENTRY ELEMENTS (KOHA)
Source of classification or shelving scheme Dewey Decimal Classification
Item type English Books
Classification part 943
Call number suffix MAH
Holdings
Withdrawn status Lost status Not for loan Collection code Home library Current library Date acquired Full call number Barcode Koha item type
      Non-fiction Sarojini Nagar Sarojini Nagar 04/12/2018 943 MAH B-713030 English Books

© Delhi Public Library
Hit Counter
free hit counter